000 01433nam0a22003131 4500
001 rc\4432087
005 20130416155558.4
021 _aRU
_b[65-94145]
035 _a(NLR Aleph) 008576400
090 _a8557542
_c8557542
100 _a20130416d1965 |||y0rusy50 ca
101 0 _arus
102 _aRU
105 _aa z |||||
200 1 _aОбразцовый супергетеродинный измеритель ослаблений для диапазона 0,75-1,8 см
_fГос. ком. Совета Министров РСФСР по координации науч.-исслед. работ. Гос. науч.-исслед. ин-т науч. и техн. информации
210 _aМосква
_cБ. и.
_d1965
215 _a10 с.
_cчерт.
_d22
225 1 _aПередовой научно-технический и производственный опыт
_v№ 18-65-1748/105
300 _aНа обл. авт. не указаны
333 _aИзд. подписное
606 _aРадиоизмерительные приборы
_2psbo
606 _aАттенюаторы
_xПоверка
_xАппаратура
_2psbo
700 1 _aИвахненко
_bА. Т.
_gАлександр Терентьевич
701 1 _aЛевин
_bФ. С.
_gФилипп Сергеевич
801 0 _aRU
_bNLR
_gpsbo
801 1 _aRU
_bELAR
_2rusmarc
852 _aNLR
_jП11/2295
942 _cBOOK
980 _aNB